000 01199pam a2200337 a 4500
003 EG-GICUC
005 20260408135644.0
008 840417s1984 nyu frb 001 0 eng
020 _a0379101610
040 _aEG-GICUC
_cEG-GICUC
_dEG-GICUC
_beng
_erda
082 0 0 _a341.851
_221
_bCR . I
092 0 4 _221
099 _aLaw1 12 341.851 CR . I 1984
100 1 _aCraig, W. Laurence
_eAuthor.
245 1 0 _aInternational Chamber of Commerce arbitration /
_cby W. Laurence Craig, William W. Park, Jan Paulsson ; preface by Pierre Bellet.
264 _aNew York :
_bOceana Publications ;
_c1984.
300 _avarious pagings ;
_c26 cm.
336 _atext
_btxt
_2rdacontent
337 _aunmediated
_bn
_2rdamedia
338 _avolume
_bnc
_2rdacarrier
504 _aIncludes bibliographical references and index.
546 _aText in English
650 0 _aInternational commercial arbitration.
650 0 _aPrivate international law
700 1 _aPark, William W.
_ejoint author.
700 1 _aPaulsson, Jan.
_ejoint author.
710 2 _aInternational Chamber of Commerce.
856 4 0 _uhttps://fll.law.cu.edu.eg/fulltext/bks/B12-03100.pdf
905 _a30
942 _2ddc
_cBK
_e21
_n0
999 _c69736
_d69736